Strž /
Uložené v:
| Hlavní autori: | , |
|---|---|
| Médium: | Kniha |
| Jazyk: | Czech Russian |
| Vydané: |
Praha :
Dilia,
1972.
|
| Fyzický popis: |
127 strán. |
| Tagy: |
Pridať tag
Žiadne tagy, Buďte prvý kto otaguje tento záznam!
|
Titul je dostupný aj v ... 

MARC
| LEADER | 00000nam a22000002i 4500 | ||
|---|---|---|---|
| 001 | 000749430 | ||
| 005 | 20260327125216.0 | ||
| 008 | 260327s1972 xr e 000 0 cze d | ||
| FMT | |||
| 020 | |c Kčs 10,00 |q (brožované) | ||
| 040 | |a SVKKK |b slo |c SVKKK |e rda | ||
| 041 | 1 | |a cze |h rus | |
| 044 | |a xr |c CZ | ||
| 100 | 1 | |a Gončarov, Ivan Aleksandrovič, |d 1812-1891 |4 aut | |
| 245 | 1 | 0 | |a Strž / |c I. A. Gončarov ; zdramatizovala Drahoslava Janderová. |
| 264 | 1 | |a Praha : |b Dilia, |c 1972. | |
| 300 | |a 127 strán. | ||
| 336 | |a text |b txt |2 rdacontent | ||
| 337 | |a bez média |b n |2 rdamedia | ||
| 338 | |a zväzok |b nc |2 rdacarrier | ||
| 500 | |a Záznam revízie | ||
| 500 | |a Preklad z ruštiny | ||
| 700 | 1 | |a Janderová, Drahoslava, |d 1946- |4 adp | |
| 910 | |a svkkk | ||
| 998 | |a BK | ||
| OWN | |||
| Z30 | 1 | |l SCK01 |l SCK01 |m BOOK |1 SCKHL |2 SK16 |b Sklad Pribinova 3. posch. |3 V.84149 |6 478735 |q 19720327 |5 2721203003 |8 20260327 |f 70 |s Absenčne |z 0.33 |t 00000000 |u 0000 |w 000749430 |x 000010 |r 000 | |
| 090 | |g SCKHL |k Sklad Pribinova 3. posch. |a V.84149 |j 478735 |i 2721203003 |s Absenčne |r 000 | ||